000 00867nam a2200205 a 4500
001 16804
003 CO-ViMGA
008 141112s2004 ck r 000 u spa d
020 _a9687529377
040 _aCO-ViMGA
_bspa
_cCO-ViMGA
082 0 4 _a530 L31f
100 1 _aLea, Susan M.; Burke, John Robert
_923764
245 1 0 _aFísica :
_bLa naturaleza de las cosas
260 _aMexico,
_cThomson,
_c2001
300 _a2 Vol
505 _aVOLUMEN (I)Mecánica Newtoniana Las leyes de conservación Sistemas continuos Movimientos oscilatorio y ondulatorio Termodinámica VOLUMEN (2)Campos electromagneticos Electrodinámica La Física del siglo XX : La relatividad general, una teoría geometrica de la gravedad - El microscopio de barrido por tuneleo cuántico
590 _aForma de adquisición : Premio - Mincultura
650 1 4 _aFISICA
_910460
942 _2ddc
_cBK
999 _c26454
_d26454